• 首页
  • 本馆介绍
  • 公告通知
  • 最新文献
  • 馆藏检索
  • 电子资源
  • 读者导购
  • 参考咨询
  • 我的图书馆
  • 登录
  • 详细信息显示
  • 放入我的书架
  • 预约/预借图书
  • 作者相关作品
  • 分类相关作品
  • 丛书相关作品
  • 出版社相关作品

书目信息

  • 表格格式
  • 工作单格式
  • 卡片格式
题名:
教育人学基本理论
    
 
作者: 肖绍明 著
分册:  
出版信息: 上海   上海教育出版社有限公司  2024
页数: 326页
开本: 24cm
丛书名: 教育人学研究丛书
单 册:
中图分类: G40-056
科图分类:
主题词: 教育人类学--研究
电子资源:
ISBN: 978-7-5720-2420-7
000 01349nam 2200277 450
001 012024000096
005 20240924225023.0
010    @a978-7-5720-2420-7@dCNY88.00
100    @a20240924d2024 em y0chiy50 ea
101 0  @achi
102    @aCN@b310000
105    @ay z 000yy
106    @ar
200 1  @a教育人学基本理论@Ajiao yu ren xue ji ben li lun@dThe philosophy of education hominology@f肖绍明著@zeng
210    @a上海@c上海教育出版社有限公司@d2024
215    @a326页@d24cm
225 2  @a教育人学研究丛书@f扈中平,肖绍明主编
300    @a国家社科基金后期资助项目“教育人学基本理论新探”成果
330    @a本书探究教育人学的思想发展史和学科发展史,反思教育人学研究的基本理论问题,厘清教育人学的理论形态。主要从教育人学的本体论、实践论以及艺术和话语视角阐明教育人学的人性论、主体论、身心论、时空论、行动论、育人论、伦理论、艺术论、话语论等九个基本理论,并创新性地研究教育人学的“弱”主体教育论、身心论、时空论、他者伦理学、艺术论、批判话语理论等。运用现象学、否定辩证法、质性研究和批判话语分析等方法,明确教育人学的学科使命。
410  0 @12001 @a教育人学研究丛书
510 1  @aPhilosophy of education hominology@zeng
606 0  @a教育人类学@x研究
690    @aG40-056@v5
701  0 @a肖绍明@Axiao shao ming@4著
801  0 @aCN@bAHXH@c20240924
905    @b214133454@b214133463@b214133472@b214133481@b214133490@dG40-056@e1404@f5
    
    教育人学基本理论=The philosophy of education hominology/肖绍明著.-上海:上海教育出版社有限公司,2024
    326页;24cm.-(教育人学研究丛书/扈中平,肖绍明主编)
    国家社科基金后期资助项目“教育人学基本理论新探”成果
    
    ISBN 978-7-5720-2420-7:CNY88.00
    本书探究教育人学的思想发展史和学科发展史,反思教育人学研究的基本理论问题,厘清教育人学的理论形态。主要从教育人学的本体论、实践论以及艺术和话语视角阐明教育人学的人性论、主体论、身心论、时空论、行动论、育人论、伦理论、艺术论、话语论等九个基本理论,并创新性地研究教育人学的“弱”主体教育论、身心论、时空论、他者伦理学、艺术论、批判话语理论等。运用现象学、否定辩证法、质性研究和批判话语分析等方法,明确教育人学的学科使命。
●
相关链接 在E读中查询图书 在五车中查询图书 在当当中查询图书 在豆瓣中查询图书


正题名:教育人学基本理论     索取号:G40-056/1404         预约/预借

序号 登录号 条形码 馆藏地/架位号 状态 备注
1 1413345   214133454   第一样本阅览室/ [索取号:G40-056/1404] 在馆    
2 1413346   214133463   第四借阅区/ [索取号:G40-056/1404] 在馆    
3 1413347   214133472   第四借阅区/ [索取号:G40-056/1404] 在馆    
4 1413348   214133481   第四借阅区/ [索取号:G40-056/1404] 在馆    
5 1413349   214133490   第四借阅区/ [索取号:G40-056/1404] 在馆    
唐山师范学院图书馆 欢迎您!
大连网信软件有限公司© 版权所有